000 00823nam a2200229Ia 4500
003 OSt
005 20250728111623.0
008 221004b |||||||| |||| 00| 0 pan d
020 _a9788175993808 (hbk)
037 _cTB
040 _aCRL
_cCRL
_bpun
041 _2pun
_apun
084 _aO153,3NMIx, Q9
_qCRL
100 _aਮਿਨਹਾਸ, ਸਰਵਣ
_9816620
245 0 _aਹੋਣੀਆਂ-ਅਣਹੋਣੀਆਂ
260 _aਦਿੱਲੀ, ਭਾਰਤ:
_bਨਵਯੁਗ ,
_c2019.
300 _a145ਪ੍ਰ0
_ccm.
650 _a ਪੰਜਾਬੀ ਕਹਾਣੀ
_9816621
650 _aਪੰਜਾਬੀ ਸਾਹਿਤ
942 _hO153,3NMIx, Q9
_cTB
_2cc
_n0
999 _c1026480
_d1026480